<?xml version="1.0" encoding="UTF-8"?>
<record
    xmlns:xsi="http://www.w3.org/2001/XMLSchema-instance"
    xsi:schemaLocation="http://www.loc.gov/MARC21/slim http://www.loc.gov/standards/marcxml/schema/MARC21slim.xsd"
    xmlns="http://www.loc.gov/MARC21/slim">

  <leader>01134nam a2200205   4500</leader>
  <controlfield tag="003">LK-CoMWRAF</controlfield>
  <controlfield tag="005">20231217181458.0</controlfield>
  <controlfield tag="008">231217b        |||||||| |||| 00| 0 eng d</controlfield>
  <datafield tag="040" ind1=" " ind2=" ">
    <subfield code="a">LK-CoMWRAF</subfield>
    <subfield code="d">LK-CoMWRAF</subfield>
    <subfield code="e">LK-CoMWRAF</subfield>
  </datafield>
  <datafield tag="041" ind1=" " ind2=" ">
    <subfield code="a">sin</subfield>
  </datafield>
  <datafield tag="082" ind1=" " ind2=" ">
    <subfield code="a">305.69</subfield>
    <subfield code="b">EPP</subfield>
  </datafield>
  <datafield tag="100" ind1=" " ind2=" ">
    <subfield code="a">&#xD91;&#xDB4;&#xDD9;&#xDB1;&#xDCA;&#xDA9;&#xDCA;, &#xDB8;&#xDD4;&#xDC4;&#xDB8;&#xDCA;&#xDB8;&#xDAF;&#xDD4; &#xDC3;&#xDB8;&#xDD3;&#xDBB;&#xDCA; &#xDB6;&#xDD2;&#xDB1;&#xDCA; &#xD89;&#xDC3;&#xDCA;&#xDB8;&#xDBA;&#xDD2;&#xDBD;&#xDCA; </subfield>
  </datafield>
  <datafield tag="245" ind1=" " ind2=" ">
    <subfield code="a">&#xD85;&#xDB4;&#xD9C;&#xDDA; &#xDB8;&#xDD4;&#xDAD;&#xDD4;&#xDB1;&#xDCA; &#xDB8;&#xDD2;&#xDAD;&#xDCA;&#xDAD;&#xDDD; : </subfield>
    <subfield code="b">(&#xD85;&#xDAD;&#xDD3;&#xDAD;&#xDBA;&#xDDA; &#xDC1;&#xDCA;&#x200D;&#xDBB;&#xDD3; &#xDBD;&#xD82;&#xD9A;&#xDCF;&#xDC0;&#xDDA; &#xDC0;&#xDD2;&#xDC3;&#xDD6; &#xDBA;&#xDDD;&#xDB1;&#xD9A;, &#xDB8;&#xDD0;&#xDBD;&#xDDA; &#xDC3;&#xDC4; &#xD85;&#xDB1;&#xDD9;&#xD9A;&#xDD4;&#xDAD;&#xDCA; &#xDB8;&#xDD4;&#xDC3;&#xDCA;&#xDBD;&#xDD2;&#xDB8;&#xDCA;&#xDC0;&#xDBB;&#xDD4;)</subfield>
  </datafield>
  <datafield tag="246" ind1=" " ind2=" ">
    <subfield code="a">apage muthun mithto : ( Atheetha sri lankawe wisoo yonaka, malee saha anekuth muslimwaru)</subfield>
  </datafield>
  <datafield tag="260" ind1=" " ind2=" ">
    <subfield code="a">&#xD9A;&#xDDC;&#xDC5;&#xDB9; : </subfield>
    <subfield code="b">&#xDBA;&#xDDD;&#xDB1;&#xD9A; &#xD89;&#xDC3;&#xDCA;&#xDBD;&#xDCF;&#xDB8;&#xDD3;&#xDBA; &#xDC3;&#xD82;&#xDC3;&#xDCA;&#xD9A;&#xDD8;&#xDAD;&#xDD2;&#xD9A; &#xDB8;&#xDB0;&#xDCA;&#x200D;&#xDBA;&#xDC3;&#xDCA;&#xDAE;&#xDCF;&#xDB1;&#xDBA;,</subfield>
  </datafield>
  <datafield tag="650" ind1=" " ind2=" ">
    <subfield code="a">&#xDBA;&#xDDD;&#xDB1;&#xD9A;, &#xDB8;&#xDD0;&#xDBD;&#xDDA; &#xDC3;&#xDC4; &#xD85;&#xDB1;&#xDD9;&#xD9A;&#xDD4;&#xDAD;&#xDCA; &#xDB8;&#xDD4;&#xDC3;&#xDCA;&#xDBD;&#xDD2;&#xDB8;&#xDCA;&#xDC0;&#xDBB;&#xDD4;</subfield>
  </datafield>
  <datafield tag="700" ind1=" " ind2=" ">
    <subfield code="a">&#xDC3;&#xDCF;&#xDC4;&#xDD2;&#xDBB;&#xDCA;, &#xD91;&#xDB8;&#xDCA;. &#xDC3;&#xDD2;. &#xD91;&#xDB8;&#xDCA;.  </subfield>
    <subfield code="e">trans.</subfield>
  </datafield>
  <datafield tag="700" ind1=" " ind2=" ">
    <subfield code="a">&#xD85;&#xDBD;&#xDCA;&#xDC0;&#xDD2;&#xDC3;&#xDCA;, &#xDB4;&#xDCA;&#x200D;&#xDBB;&#xDDA;&#xDB8;&#xDA0;&#xDB1;&#xDCA;&#xDAF;&#xDCA;&#x200D;&#xDBB;</subfield>
    <subfield code="e">trans.</subfield>
  </datafield>
  <datafield tag="942" ind1=" " ind2=" ">
    <subfield code="c">BK</subfield>
  </datafield>
  <datafield tag="952" ind1=" " ind2=" ">
    <subfield code="0">0</subfield>
    <subfield code="1">0</subfield>
    <subfield code="4">0</subfield>
    <subfield code="7">0</subfield>
    <subfield code="a">MAIN</subfield>
    <subfield code="b">MAIN</subfield>
    <subfield code="d">2023-12-17</subfield>
    <subfield code="l">0</subfield>
    <subfield code="o">305.69 EPP</subfield>
    <subfield code="p">RAF4893</subfield>
    <subfield code="r">2023-12-17</subfield>
    <subfield code="w">2023-12-17</subfield>
    <subfield code="y">BK</subfield>
  </datafield>
  <datafield tag="999" ind1=" " ind2=" ">
    <subfield code="c">4503</subfield>
    <subfield code="d">4503</subfield>
  </datafield>
</record>
